Departements les plus méchants d'IDF - Statistiques

Statistiques générales
  • Ce quiz a été pris 80 fois
  • Le résultat moyen est 5 sur 8
Statistiques - réponses
Hint Réponse % Correct
1 Seine-Saint-denis
98%
2 Essonne
79%
3 Val-de-Marne
71%
4 Val-d'Oise
60%
5 Paris
53%
7 Seine-et-Marne
48%
6 Hauts-de-Seine
47%
8 Yvelines
41%
Aucun quiz correspondant
Distribution des résultats
% des personnes avec chaque résultat
Percentile par nombre de réponses
Votre historique - résultats
Vous n’avez pas pris ce quiz